Financovanie malých a stredných podnikov SHUMA, s.r.o. diplomová práca

Uložené v:
Podrobná bibliografia
Hlavný autor: Šuleková, Mária
Korporativný autor: Fakulta podnikového manažmentu EU. Katedra podnikovohospodárska
Ďalší autori: Chodasová, Alena
Médium: Kniha
Jazyk:Slovak
Vydavateľské údaje: Bratislava 2008
Tagy: Pridať tag
Žiadne tagy, Buďte prvý, kto otaguje tento záznam!

MARC

LEADER 00000nam$a2200000$$$4500
001 0086295
005 20240201115124.8
041 0 |a slo 
044 |a SK 
245 1 0 |a Financovanie malých a stredných podnikov SHUMA, s.r.o.  |b diplomová práca  |c Mária Šuleková ; škol. Alena Chodasová 
264 1 |a Bratislava  |c 2008 
300 |a 67 s. 
100 1 |a Šuleková, Mária 
700 1 |a Chodasová, Alena 
710 2 |a Fakulta podnikového manažmentu EU. Katedra podnikovohospodárska